Методы разделения и концентрирования в аналитической химии: [учебник]

Detalles Bibliográficos
Autor principal: Москвин Л. Н. Леонид Николаевич
Otros Autores: Родинков О. В. Олег Васильевич
Sumario:Учебник посвящен одному из важнейших разделов аналитической химии - методам разделения и концентрирования веществ и отражает современный уровень развития аналитической химии по данному направлению. Предлагаемый учебник не имеет аналогов по широте и глубине охвата методов разделения, выгодно отличаясь от большинства известных изданий, посвященных, как правило, только одному из них или одной группе методов. Другим важным отличием является строгая классификация всего многообразия методов разделения, благодаря чему предлагаемый учебник может служить путеводителем в сложном лабиринте как давно известных, так и недавно появившихся методов. При этом авторы не ограничиваются рассмотрением традиционного аспекта их применения на стадии пробоподготовки в классическом лабораторном анализе. Основное внимание уделено более важной для современной аналитической химии проблеме применения методов разделения в качестве основы гибридных методов анализа и на стадии пробоподготовки в проточных методах анализа. Еще одной отличительной чертой предлагаемого учебника является сочетание глубины изложения физико-химических основ рассматриваемых методов с критическим анализом их аналитических возможностей. В совокупности это придает учебнику универсальность для потенциальных пользователей. Учебник предназначен, прежде всего, для студентов химических факультетов классических университетов и технических университетов химико-технологических специальностей. В тоже время он будет, безусловно, полезен магистрам и аспирантам, преподавателям, а также профессионалам, столкнувшимся с необходимостью прибегнуть к использованию методов разделения в различных аспектах их аналитического применения.
Lenguaje:ruso
Publicado: Долгопрудный, Интеллект, 2019
Edición:3-е изд.
Materias:
Formato: Libro
KOHA link:https://koha.lib.tpu.ru/cgi-bin/koha/opac-detail.pl?biblionumber=343699

MARC

LEADER 00000nam0a2200000 4500
001 343699
005 20231102005603.0
010 |a 9785915592659 
035 |a (RuTPU)RU\TPU\book\374124 
035 |a RU\TPU\book\196422 
090 |a 343699 
100 |a 20191014d2019 m y0rusy50 ca 
101 0 |a rus 
102 |a RU 
105 |a a j 001zy 
200 1 |a Методы разделения и концентрирования в аналитической химии  |e [учебник]  |f Л. Н. Москвин, О. В. Родинков 
205 |a 3-е изд. 
210 |a Долгопрудный  |c Интеллект  |d 2019 
215 |a 348 с.  |c ил. 
320 |a Библиогр.: с. 343-344 
320 |a Предметный указатель: с. 345-348 
330 |a Учебник посвящен одному из важнейших разделов аналитической химии - методам разделения и концентрирования веществ и отражает современный уровень развития аналитической химии по данному направлению. Предлагаемый учебник не имеет аналогов по широте и глубине охвата методов разделения, выгодно отличаясь от большинства известных изданий, посвященных, как правило, только одному из них или одной группе методов. Другим важным отличием является строгая классификация всего многообразия методов разделения, благодаря чему предлагаемый учебник может служить путеводителем в сложном лабиринте как давно известных, так и недавно появившихся методов. При этом авторы не ограничиваются рассмотрением традиционного аспекта их применения на стадии пробоподготовки в классическом лабораторном анализе. Основное внимание уделено более важной для современной аналитической химии проблеме применения методов разделения в качестве основы гибридных методов анализа и на стадии пробоподготовки в проточных методах анализа. Еще одной отличительной чертой предлагаемого учебника является сочетание глубины изложения физико-химических основ рассматриваемых методов с критическим анализом их аналитических возможностей. В совокупности это придает учебнику универсальность для потенциальных пользователей. Учебник предназначен, прежде всего, для студентов химических факультетов классических университетов и технических университетов химико-технологических специальностей. В тоже время он будет, безусловно, полезен магистрам и аспирантам, преподавателям, а также профессионалам, столкнувшимся с необходимостью прибегнуть к использованию методов разделения в различных аспектах их аналитического применения. 
606 1 |a Разделение в аналитической химии  |2 stltpush  |3 (RuTPU)RU\TPU\subj\73610  |9 86520 
610 1 |a концентрирование 
610 1 |a химические методы 
610 1 |a осаждение 
610 1 |a кристаллизация 
610 1 |a вымораживание 
610 1 |a отгогнка 
610 1 |a жидкостная экстракция 
610 1 |a сорбция 
610 1 |a адсорбция 
610 1 |a экстракция 
610 1 |a хроматографические методы 
610 1 |a хроматография 
610 1 |a мембранные методы 
610 1 |a внутрифазное разделение 
610 1 |a комбинированные методы 
610 1 |a учебники 
675 |a 543.05(075.8)  |v 3 
700 1 |a Москвин  |b Л. Н.  |g Леонид Николаевич 
701 1 |a Родинков  |b О. В.  |g Олег Васильевич 
801 1 |a RU  |b 63413507  |c 20100603 
801 2 |a RU  |b 63413507  |c 20191028  |g RCR 
942 |c BK